[Event "10th Sunny Beach Open"]
[Site "Sunny Beach BUL"]
[Date "2011.08.27"]
[Round "1.53"]
[White "Rosenkilde,A"]
[Black "Petrov,Vl5"]
[Result "1-0"]
[WhiteElo "2235"]
[BlackElo "1793"]

1.d4 Nf6 2.c4 e6 3.g3 d5 4.Nf3 Be7 5.Bg2 O-O 6.O-O dxc4 7.Qc2 a6 8.Qxc4 b5
9.Qc2 Bb7 10.Bd2 Be4 11.Qc1 Bb7 12.Rd1 Nbd7 13.Ba5 Rc8 14.Nbd2 Qe8 15.b4 Nb6
16.Qc2 Qc6 17.Qd3 Qd6 18.e4 Ne8 19.e5 Qd7 20.Ng5 Bxg5 21.Bxb7 Rb8 22.Be4 Bxd2
23.Bxb6 Rxb6 24.Rxd2 f5 25.Bg2 c6 26.Qe3 Qb7 27.Rc1 Nc7 28.Rdc2 Nd5 29.Bxd5 exd5
30.e6 Re8 31.Qe5 g6 32.Rc5 Qg7 33.Qd6 Qe7 34.Qd7 Qxe6 35.Qa7 Rbb8 36.Rxc6 Rbc8
37.Qxa6 Rxc6 38.Qxc6 Qxc6 39.Rxc6 Ra8 40.Rc5 Rxa2 41.Rxd5 Rd2 42.Rxb5 Rxd4
43.Rb7 Rd1+ 44.Kg2 Rb1 45.Kf3 Rb2 46.h4 Kf8 47.Kf4 Rxf2+ 48.Ke5 Rd2 49.Rxh7 Rd3
50.b5 Rb3 51.Kf6 Kg8 52.Rg7+ Kh8 53.Rxg6 Rxb5 54.Rg5 Rb6+ 55.Kxf5 Ra6 56.g4 Kh7
57.h5 Ra5+ 58.Kf4 Ra4+ 59.Kg3 Ra3+ 60.Kh4 Ra1 61.Rb5 Ra6 62.Kg5 Kg7 63.Rb7+ Kg8
64.h6 Ra5+ 65.Kg6 Ra6+ 66.Kh5 Ra5+ 67.g5 Ra8 68.Rg7+ Kh8 69.Rf7 Kg8 70.Rf5 Rb8
71.g6 Ra8 72.h7+ Kg7 73.Rf7+ Kh8 74.Kh6  1-0

[Event "TCh-SUI 2011"]
[Site "Switzerland SUI"]
[Date "2011.08.28"]
[Round "7.4"]
[White "Buss,Ra"]
[Black "Danner,G"]
[Result "1/2-1/2"]
[WhiteElo "2414"]
[BlackElo "2428"]

1.Nf3 d5 2.d4 Nf6 3.c4 e6 4.g3 Be7 5.Bg2 O-O 6.O-O c6 7.Qc2 b6 8.b3 Bb7 9.Nc3 Nbd7
10.e4 dxe4 11.Nxe4 Nxe4 12.Qxe4 Nf6 13.Qe2 Qc7 14.Bf4 Bd6 15.Bxd6 Qxd6 16.Rad1 Rfd8
17.Ne5 Qc7 18.Rd3 c5 19.Bxb7 Qxb7 20.dxc5 bxc5 21.Rfd1 Rxd3 22.Rxd3 h5 23.f4 a5
24.Qg2 Qxg2+ 25.Kxg2 a4 26.Kf3 axb3 27.axb3 g6 28.h3 Ra1 29.Nd7 Nxd7 30.Rxd7 Rc1
31.Rb7 f5 32.h4 Rc3+ 33.Kf2 Kf8 34.Rc7 Rxb3 35.Rxc5 Ke7 36.Re5 Rc3 37.c5 Kd7
38.Kg2  1/2-1/2

[Event "FIDE World Cup 2011"]
[Site "Khanty-Mansiysk RUS"]
[Date "2011.08.30"]
[Round "1.5"]
[White "Postny,E"]
[Black "Nielsen,PH"]
[Result "1/2-1/2"]
[WhiteElo "2618"]
[BlackElo "2681"]

1.d4 Nf6 2.c4 e6 3.Nf3 d5 4.g3 Be7 5.Bg2 O-O 6.Qc2 c5 7.dxc5 Qa5+ 8.Nbd2 Qxc5
9.O-O Nc6 10.a3 dxc4 11.Qxc4 Qh5 12.b4 e5 13.Bb2 Be6 14.Qb5 Rab8 15.Rad1 a6
16.Qd3 Rfd8 17.Qb1 Rd7 18.Ne4 Rbd8 19.Rxd7 Rxd7 20.Nxf6+ Bxf6 21.Rd1 Qf5
22.e4 Rxd1+ 23.Qxd1 Qh5 24.Qd3 h6 25.Bf1 Be7 26.Qc3 Bf6 27.Qe3 Bg4 28.Ne1 Bg5
29.Qd3 Qg6 30.Nc2 Be6 31.Ne3 Bxe3 32.Qxe3 Qh5 33.Be2 Qg5 34.Qd3 Qe7 35.Kg2 f6
36.Bc3 Qd7 37.Qxd7 Bxd7 38.Bc4+ Kf8 39.f4 Ke7 40.Kf3 Be6 41.Bf1 Kd6 42.Ke3 b5
43.Be2 Na7 44.Bh5 Nc8 45.Bb2 Nb6 46.Bc1 Nc4+ 47.Kd3 Ke7 48.Bd1 Kd6 49.a4 Ke7
50.a5 Kd6 51.f5 Bf7 52.g4 Ke7 53.h4 Kd6 54.g5 hxg5 55.hxg5 Ke7 56.Be2 Be8
57.Be3 Nxe3 58.gxf6+ gxf6 59.Kxe3 Kf8 60.Bd1  1/2-1/2

[Event "10th Sunny Beach Open"]
[Site "Sunny Beach BUL"]
[Date "2011.08.30"]
[Round "4.7"]
[White "Doncea,V"]
[Black "Drenchev,P"]
[Result "1-0"]
[WhiteElo "2388"]
[BlackElo "2523"]

1.d4 Nf6 2.c4 e6 3.g3 d5 4.Nf3 Be7 5.Bg2 O-O 6.O-O dxc4 7.Qc2 a6 8.Qxc4 b5
9.Qc2 Bb7 10.Bd2 Be4 11.Qc1 Bb7 12.Qc2 Bd6 13.Re1 Nbd7 14.e4 e5 15.Nc3 c5
16.dxe5 Nxe5 17.Rad1 Qb6 18.Nd5 Bxd5 19.exd5 Rfe8 20.Nxe5 Bxe5 21.Be3 Qa5
22.d6 Rad8 23.Bxc5 Bxd6 24.Rxe8+ Nxe8 25.Be3 Qc7 26.Qc6 Be5 27.Rxd8 Qxd8
28.Qxa6 Nc7 29.Qa5 Bxb2 30.Bf4 Ne6 31.Qxb5 Nxf4 32.Qxb2 Ne6 33.h4 g6 34.Qb3 Nd4
35.Qd5 Qb6 36.Kh2 Qb2 37.f4 Qf2 38.a4 Ne2 39.Qf3 Qg1+ 40.Kh3 Qe1 41.Qb3 h5
42.Qa3 Qa5 43.Kh2 Nd4 44.Qa2 Nf5 45.Be4 Ne7 46.Kg2 Kf8 47.Kf2 Qc5+ 48.Kf3 Qc3+
49.Kg2 Qa5 50.Qc4 Ng8 51.Qd4 Nh6 52.Qh8+ Ng8 53.Qd4 Nh6 54.Kh3 Qe1 55.Qh8+ Ng8
56.Qe5 f6 57.Qe6  1-0

[Event "10th Sunny Beach Open"]
[Site "Sunny Beach BUL"]
[Date "2011.08.30"]
[Round "4.36"]
[White "Tashkov,R"]
[Black "Cakl,Z"]
[Result "1/2-1/2"]
[WhiteElo "2272"]
[BlackElo "2099"]

1.d4 Nf6 2.c4 e6 3.g3 Be7 4.Bg2 d5 5.Nf3 O-O 6.O-O b6 7.Nc3 Bb7 8.cxd5 Nxd5
9.Nxd5 Bxd5 10.Qc2 Nd7 11.e4 Bb7 12.Bf4 Rc8 13.Rad1 c5 14.d5 exd5 15.exd5 Bf6
16.h4 h6 17.Bh3 Ra8 18.Qa4 Bc8 19.Kh2 Re8 20.Rfe1 Rxe1 21.Rxe1 Nf8 22.Bg2 Bd7
23.Qc2 Ng6 24.Bc1 Rc8 25.h5 Ne7 26.Ne5 Bf5 27.Qc4 b5 28.Qxb5 Nxd5 29.Rd1 Bxe5
30.Rxd5 Qf6 31.Rxc5 Rxc5 32.Qxc5 Bd4 33.Qc6 Qxc6 34.Bxc6 Bxf2 35.b4 Be6 36.Kg2 Bd4
37.a4 Bg4 38.Bf3 Bd7 39.b5 Kf8 40.Bd5 Bg4 41.Bd2 Bxh5 42.Bb4+  1/2-1/2

[Event "TCh-SRB Premier Men"]
[Site "Valjevo SRB"]
[Date "2011.08.30"]
[Round "4.5"]
[White "Blagojevic,Dr"]
[Black "Sedlak,N"]
[Result "1/2-1/2"]
[WhiteElo "2516"]
[BlackElo "2580"]

1.d4 Nf6 2.c4 e6 3.Nf3 d5 4.g3 Be7 5.Bg2 O-O 6.O-O dxc4 7.Qc2 b5 8.a4 b4
9.Nbd2 Bb7 10.Nxc4 Be4 11.Qd1 Nbd7 12.Nfe5 Bxg2 13.Kxg2 Nxe5 14.dxe5 Nd7
15.Be3 Qc8 16.f3 Nb6 17.Bxb6 cxb6 18.Qd3 Qc5 19.Rfd1 Rad8 20.Qc2 a6 21.Qe4 b3
22.Rac1 Rd5 23.Nd6 Rxe5 24.Rxc5 Rxe4 25.Nxe4 bxc5 26.Rd7 Re8 27.Rc7 Kf8 28.Nxc5 Bxc5
29.Rxc5 Rd8 30.Rc6 Rd2 31.Kf2 Rxb2  1/2-1/2

[Event "TCh-SRB Premier Men"]
[Site "Valjevo SRB"]
[Date "2011.08.30"]
[Round "4.2"]
[White "Benkovic,P"]
[Black "Popovic,Ne"]
[Result "1-0"]
[WhiteElo "2423"]
[BlackElo "2301"]

1.d4 d5 2.c4 e6 3.Nf3 Be7 4.g3 Nf6 5.Bg2 Nbd7 6.Qc2 dxc4 7.Qxc4 c5 8.dxc5 Bxc5
9.O-O Qe7 10.Nc3 O-O 11.Qh4 Rb8 12.Rd1 b5 13.Bf4 e5 14.Bg5 Qe6 15.b4 Bb6
16.Bh3 Qc4 17.Qxc4 bxc4 18.Bxf6 Nxf6 19.Bxc8 Rbxc8 20.Nxe5 Rfe8 21.Nd7 Bd8
22.Rac1 Re6 23.e3 Be7 24.Nxf6+ Bxf6 25.Nb5 Rb8 26.Rxc4 Reb6 27.Nxa7 Rxb4
28.Rxb4 Rxb4 29.Rd2 Rb1+ 30.Kg2 g5 31.g4 Rc1 32.Nb5 Be5 33.h3 Kg7 34.Rd5 Bf6
35.Nd4 Ra1 36.Nf3  1-0

[Event "10th Sunny Beach Open"]
[Site "Sunny Beach BUL"]
[Date "2011.08.31"]
[Round "5.8"]
[White "Filip,L"]
[Black "Doncea,V"]
[Result "0-1"]
[WhiteElo "2469"]
[BlackElo "2388"]

1.Nf3 d5 2.c4 e6 3.d4 Nf6 4.g3 Be7 5.Bg2 O-O 6.Qc2 c5 7.dxc5 Qa5+ 8.Nc3 dxc4
9.O-O Nc6 10.Bg5 Qxc5 11.Bxf6 gxf6 12.Ne4 Qb5 13.Rad1 e5 14.Nc3 Qa6 15.Nd5 Qxa2
16.Nd2 Qa5 17.Nxe7+ Nxe7 18.Qxc4 Ng6 19.Ne4 Kg7 20.b4 Qb6 21.Rd6 Be6 22.Qc5 Qxc5
23.Nxc5 Bc4 24.Bxb7 Rad8 25.Rfd1 Rxd6 26.Rxd6 Bxe2 27.Rd7 Bg4 28.Rd3 Bh3
29.f3 h5 30.Kf2 Ne7 31.Ke2 Nf5 32.Ra3 Nd4+ 33.Kf2 Nc2 34.Rxa7 Rd8 35.Ke2 Nxb4
36.Be4 Rc8 37.Nd3 Nc2 38.Bd5 Nd4+ 39.Ke3 Rc2 40.Rxf7+ Kg6 41.Nf4+ exf4+ 42.Kxd4 Rd2+
43.Ke4 Rxd5 44.Rxf6+ Kxf6 45.Kxd5 Kf5  0-1

[Event "18th Graz Open"]
[Site "Graz AUT"]
[Date "2011.09.01"]
[Round "6"]
[White "Spindelboeck,G"]
[Black "Schein,KH"]
[Result "1/2-1/2"]
[WhiteElo "2235"]
[BlackElo "2206"]

1.d4 d5 2.c4 e6 3.Nf3 Nf6 4.g3 Be7 5.Bg2 O-O 6.O-O Nbd7 7.Qc2 c6 8.Nbd2 b6
9.b3 Ba6 10.e4 Rc8 11.e5 Ne8 12.Bb2 c5 13.a4  1/2-1/2

[Event "10th Sunny Beach Open"]
[Site "Sunny Beach BUL"]
[Date "2011.09.01"]
[Round "6.47"]
[White "Tashkov,R"]
[Black "Bielavsky,J"]
[Result "1-0"]
[WhiteElo "2272"]
[BlackElo "1993"]

1.Nf3 d5 2.d4 Nf6 3.c4 e6 4.g3 Be7 5.Bg2 c6 6.O-O Nbd7 7.Qc2 O-O 8.Nbd2 b6
9.e4 Ba6 10.e5 Ne8 11.Re1 Nc7 12.cxd5 Nxd5 13.Qe4 c5 14.Qg4 Bd3 15.Ne4 Re8
16.Bh6 Bf8 17.Bg5 Qc7 18.dxc5 Nxc5 19.Rac1 Rac8 20.b4 Nxb4 21.Nf6+ gxf6 22.exf6 Nd5
23.Bf4+ Bg6 24.Bxc7 Rxc7 25.Ne5 Nxf6 26.Qf4 Nh5 27.Qe3 Bg7 28.g4 Nf6 29.h4 Nd5
30.Qg3 Bxe5 31.Rxe5  1-0

[Event "Richard Reti Mem"]
[Site "Trnava SVK"]
[Date "2011.09.01"]
[Round "6.17"]
[White "Hornak,P"]
[Black "Kavon,Rastislav"]
[Result "1/2-1/2"]
[WhiteElo "1776"]
[BlackElo "1870"]

1.d4 Nf6 2.c4 e6 3.g3 d5 4.Nf3 Be7 5.Bg2 c6 6.O-O O-O 7.b3 Nbd7 8.Bb2 b6
9.Nbd2 Ba6 10.Re1 Rc8 11.e4 dxe4 12.Nxe4 Nxe4 13.Rxe4 Nf6 14.Re2 b5 15.Rc2 bxc4
16.bxc4 c5 17.Bf1 h6 18.Rac1 Qd6 19.Rd2 cxd4 20.Bxd4 Qc7 21.Qa4 Bb7 22.Bg2 Bc5
23.Be5 Qc6 24.Qxc6 Bxc6 25.Bd6 Bxd6 26.Rxd6 Ne4 27.Rd4 Nc5 28.Ne5 Bxg2  1/2-1/2

[Event "FIDE World Cup 2011"]
[Site "Khanty-Mansiysk RUS"]
[Date "2011.09.02"]
[Round "2.3"]
[White "So,W"]
[Black "Karjakin,Sergey"]
[Result "1/2-1/2"]
[WhiteElo "2658"]
[BlackElo "2788"]

1.d4 Nf6 2.c4 e6 3.g3 d5 4.Nf3 Be7 5.Bg2 O-O 6.O-O dxc4 7.Qa4 a6 8.Qxc4 b5
9.Qc2 Bb7 10.Bd2 Bd6 11.a4 Nbd7 12.Ba5 Qb8 13.b4 e5 14.Rd1 Rc8 15.Nxe5 Nxe5
16.Bxb7 Qxb7 17.dxe5 Bxe5 18.Ra3 Bd6 19.Rad3 Bf8 20.Qb3 c5 21.bxc5 Bxc5 22.Bc3 Qb6  1/2-1/2

[Event "1st Alghero Open"]
[Site "Alghero ITA"]
[Date "2011.09.03"]
[Round "9.2"]
[White "Avrukh,B"]
[Black "Sokolov,Ivan"]
[Result "1-0"]
[WhiteElo "2600"]
[BlackElo "2672"]

1.d4 d5 2.c4 e6 3.Nf3 Nf6 4.g3 Be7 5.Bg2 O-O 6.O-O Nc6 7.b3 Ne4 8.Bb2 f5
9.e3 Bd7 10.Ne1 Be8 11.Nd3 a5 12.Nc3 Nb4 13.Nf4 Bf7 14.a3 Na6 15.Nd3 Bf6
16.Rc1 c6 17.Ne2 b6 18.f3 Nd6 19.Ne5 Be8 20.Nf4 Qe7 21.Nfd3 Rc8 22.cxd5 exd5
23.Rf2 Kh8 24.Rfc2 a4 25.bxa4 c5 26.Re2 c4 27.Nf4 Nc7 28.e4 Bg5 29.exd5 Qf6
30.Nxc4 Bxf4 31.gxf4 Nxd5 32.Nxd6 Rxc1 33.Bxc1 Qxd6 34.Re5 Bd7 35.Bd2 Rc8
36.Qe1 h6 37.Bf1 Bxa4 38.Re6 Qc7 39.Qe5 Qxe5 40.fxe5 Rc2 41.Rd6 Bb3 42.Be1 Rc1
43.Kf2 Rc2+ 44.Kg3 g5 45.Bd3 f4+ 46.Kh3 Ra2 47.Bb4 Ne3 48.Rxh6+ Kg7 49.Rg6+ Kf7
50.Rf6+ Kg7 51.Bf8+ Kg8 52.Bb4 Bd5 53.Be1  1-0

[Event "Maria Albulet Mem"]
[Site "Braila ROU"]
[Date "2011.09.03"]
[Round "6"]
[White "Cosma,E"]
[Black "Bulmaga,I"]
[Result "1-0"]
[WhiteElo "2325"]
[BlackElo "2293"]

1.d4 Nf6 2.Nf3 e6 3.g3 d5 4.Bg2 Be7 5.c4 O-O 6.O-O dxc4 7.Qc2 a6 8.Qxc4 b5
9.Qc2 Bb7 10.Bg5 Nbd7 11.Bxf6 Nxf6 12.Nbd2 Rc8 13.Nb3 Be4 14.Qc1 Bd6 15.Qe3 Qe7
16.Rfc1 Bxf3 17.Bxf3 e5 18.dxe5 Qxe5 19.Qxe5 Bxe5 20.Rab1 Nd7 21.Bb7 Rb8
22.Bc6 Rfd8 23.Na5 Bf6 24.Bg2 Re8 25.Rxc7 Bd8 26.Rxd7 Bxa5 27.Bd5 Rxe2 28.Rxf7 Kh8
29.b4 Bb6 30.Rc1 h6 31.Rc6 a5 32.bxa5 Bxa5 33.h4 Ree8 34.Bb3 b4 35.Rg6 Rg8  1-0

[Event "TCh-POL Ekstraliga"]
[Site "Miedzybrodzie-Zywiec POL"]
[Date "2011.09.03"]
[Round "6.4"]
[White "Bulski,K"]
[Black "Klim,K"]
[Result "1-0"]
[WhiteElo "2482"]
[BlackElo "2314"]

1.d4 Nf6 2.c4 e6 3.Nf3 d5 4.g3 Be7 5.Bg2 O-O 6.O-O c6 7.Qc2 Nbd7 8.Nbd2 b6
9.e4 dxe4 10.Nxe4 Nxe4 11.Qxe4 Bb7 12.Rd1 Nf6 13.Qe2 Qc7 14.Bf4 Bd6 15.Ne5 Nd7
16.b4 Nxe5 17.Bxe5 Qe7 18.Bxd6 Qxd6 19.c5 Qe7 20.Rac1 Rfe8 21.a4 bxc5 22.dxc5 Rad8
23.Rxd8 Rxd8 24.Rd1 g6 25.h4 h5 26.Rxd8+ Qxd8 27.Qe5 Kf8 28.b5 Qd7 29.Qb8+ Ke7
30.Qxa7 e5 31.a5 e4 32.a6 e3 33.fxe3  1-0

[Event "10th Sunny Beach Open"]
[Site "Sunny Beach BUL"]
[Date "2011.09.03"]
[Round "8.14"]
[White "Kaufeld,J"]
[Black "Georgiev,Vl"]
[Result "0-1"]
[WhiteElo "2260"]
[BlackElo "2559"]

1.Nf3 d5 2.d4 Nf6 3.c4 e6 4.g3 Be7 5.Bg2 O-O 6.O-O dxc4 7.Qc2 b5 8.a4 b4
9.Nbd2 Bb7 10.Rd1 c5 11.dxc5 Nbd7 12.Ne1 Bxg2 13.Nxg2 Nxc5 14.Nxc4 b3 15.Qd2 Nd5
16.Nge3 Nb6 17.a5 Nxc4 18.Nxc4 Qc8 19.Qf4 Na6 20.Be3 Nb4 21.Rac1 Na2 22.Rb1 Rb8
23.Ne5 Qc2 24.Qf3 Rbd8 25.Rf1 Bf6 26.Nd3 Qc7 27.Nc5 Rd5 28.Nxb3 Qc2 29.Na1 Qc4
30.Bxa7 Rxa5 31.Be3 Rf5 32.Qb7 Qxe2 33.Qb3 Ra8 34.Qc2 Qf3 35.Nb3 Nb4 36.Qd1 Qb7
37.Nc5 Qb5 38.Ne4 Nd5 39.Nxf6+ Nxf6 40.Qd4 h5 41.h4 Ra4 42.b4 Nd5 43.Bd2 Rf3
44.Qe4 Raa3 45.Kg2 Nf6 46.Qe1 Qd5 47.Kh3 Ne4  0-1

[Event "TCh-SRB Premier Men"]
[Site "Valjevo SRB"]
[Date "2011.09.03"]
[Round "8.4"]
[White "Blagojevic,Dr"]
[Black "Pavlovic,Milos"]
[Result "1/2-1/2"]
[WhiteElo "2516"]
[BlackElo "2541"]

1.d4 d5 2.c4 e6 3.Nf3 Be7 4.g3 Nf6 5.Bg2 O-O 6.O-O dxc4 7.Qc2 a6 8.a4 Bd7
9.Rd1 Bc6 10.Nc3 Bxf3 11.Bxf3 Nc6 12.Bxc6 bxc6 13.Bg5 Rb8 14.e3 a5 15.Bxf6 Bxf6
16.Rab1 h6 17.Ne4 Rb4 18.Nd2 c5 19.dxc5  1/2-1/2

[Event "VII Ugra Governor's Cup"]
[Site "Khanty-Mansiysk RUS"]
[Date "2011.09.04"]
[Round "5"]
[White "Pashikian,A"]
[Black "Semenova,E"]
[Result "1-0"]
[WhiteElo "2616"]
[BlackElo "2175"]

1.d4 d5 2.c4 e6 3.Nf3 Nf6 4.g3 Be7 5.Bg2 O-O 6.O-O dxc4 7.Qc2 a6 8.a4 Nbd7
9.Nbd2 Nb6 10.Rd1 Nfd5 11.a5 Nb4 12.Qb1 N6d5 13.Nxc4 b5 14.axb6 cxb6 15.e4 Nf6
16.Ng5 Ng4 17.e5 Bxg5 18.Bxa8 Nd5 19.Qe4 f5 20.exf6 Ndxf6 21.Bxg5 Nxf2 22.Qg2 Nxd1
23.Rxd1 Qe8 24.Bxf6  1-0

[Event "VII Ugra Governor's Cup"]
[Site "Khanty-Mansiysk RUS"]
[Date "2011.09.05"]
[Round "6"]
[White "Jumabayev,R"]
[Black "Vokarev,S"]
[Result "1-0"]
[WhiteElo "2589"]
[BlackElo "2431"]

1.Nf3 Nf6 2.c4 e6 3.g3 d5 4.d4 Be7 5.Bg2 O-O 6.O-O dxc4 7.Qc2 a6 8.a4 Bd7
9.Qxc4 Bc6 10.Bf4 a5 11.Nc3 Na6 12.Rad1 Nb4 13.Ne5 Bxg2 14.Kxg2 Nbd5 15.Bd2 Nxc3
16.bxc3 Qd5+ 17.f3 Qxc4 18.Nxc4 Nd7 19.e4 f6 20.Rb1 b6 21.g4 g6 22.h4 f5
23.g5 fxe4 24.fxe4 Rxf1 25.Kxf1 h6 26.Ke2 hxg5 27.hxg5 Rf8 28.Be3 Kg7 29.Nd2 Rh8
30.Nf3 Kf7 31.Bf4 Bd6 32.e5 Be7 33.Nd2 Rh3 34.Ne4 Bd8 35.Rf1 Kg7 36.Kd2 c6
37.Nd6 Be7 38.Ne8+ Kf7 39.Nd6+ Kg7 40.Nc8 Bd8 41.Na7 Nb8 42.Be3 Rh2+ 43.Kd3 Rh3
44.Ke4 Rh4+ 45.Kf3 Rh3+ 46.Ke2 Rh2+ 47.Kd3 Rh3 48.Rg1 Kf7 49.c4 Ke8 50.Ke4 Rh4+
51.Kd3 Rh3 52.Nc8 Na6 53.Nd6+ Kd7 54.Ne4 Nb4+ 55.Ke2 b5 56.cxb5 cxb5 57.axb5 a4
58.Nc5+ Ke7 59.Nxa4 Rh2+ 60.Kf3 Nd5 61.Bf2 Rh3+ 62.Rg3 Rh1 63.Nc5 Nc3 64.Kg2 Rc1
65.Rh3 Rc2 66.Rh2 Ke8 67.Nxe6 Ne4 68.Kf3 Nd2+ 69.Kg4  1-0

[Event "9th Amantea Open"]
[Site "Amantea ITA"]
[Date "2011.09.06"]
[Round "3"]
[White "Rizzo,Gio"]
[Black "Gregori,Giacomo"]
[Result "1-0"]
[WhiteElo "2093"]
[BlackElo "1993"]

1.d4 e6 2.g3 d5 3.c4 Nf6 4.Bg2 Be7 5.Nf3 O-O 6.O-O dxc4 7.Qc2 a6 8.Qxc4 b5
9.Qc2 Bb7 10.Bg5 Nc6 11.Rd1 Nb4 12.Qc1 Rc8 13.Bxf6 Bxf6 14.a3 Nd5 15.Nbd2 c5
16.dxc5 Qc7 17.Ne4 Be7 18.b4 Nf6 19.Nxf6+ Bxf6 20.Ra2 Bd5 21.Rad2 a5 22.Nd4 Bc4
23.Nc6  1-0

[Event "US Chess League 2011"]
[Site "ICC INT"]
[Date "2011.09.06"]
[Round "2"]
[White "Adelberg,D"]
[Black "Sinanan,J"]
[Result "0-1"]
[WhiteElo "2242"]
[BlackElo "2216"]

1.d4 Nf6 2.c4 e6 3.Nf3 d5 4.g3 Be7 5.Bg2 O-O 6.O-O dxc4 7.Qc2 a6 8.Qxc4 b5
9.Qc2 Bb7 10.Bd2 Be4 11.Qc1 Nc6 12.e3 b4 13.Rd1 Qd5 14.Ne1 Bxg2 15.Nxg2 e5
16.dxe5 Nxe5 17.Ne1 Qb7 18.Qc2 Rfd8 19.Bc1 Nf3+ 20.Nxf3 Qxf3 21.Rxd8+ Rxd8
22.Nd2 Qe2 23.Qxc7 Rd7 24.Qb8+ Bf8 25.Kg2 Rxd2 26.Bxd2 Qxd2 27.Qa8 Ng4 28.Qf3 Ne5
29.Qa8 Nd3 30.Rf1 Qe2 31.Kg1 Nxb2 32.Qd5 Nd3 33.Qc4 a5 34.Qa6 h5 35.Qxa5 Ne1
36.h4 Nf3+ 37.Kg2 Nd2 38.Rc1 Qf3+ 39.Kg1 Ne4 40.Rf1 Bd6 41.Qb6 Nxg3 42.Qxd6  0-1

[Event "10th African Games Women"]
[Site "Maputo MOZ"]
[Date "2011.09.06"]
[Round "2.3"]
[White "Mona,K"]
[Black "Lopes,Nelma"]
[Result "1-0"]
[WhiteElo "2101"]
[BlackElo "1694"]

1.d4 d5 2.c4 e6 3.Nf3 Nf6 4.g3 Be7 5.Bg2 O-O 6.O-O Nbd7 7.b3 c6 8.Nc3 b6
9.Qc2 Bb7 10.e4 Nxe4 11.Nxe4 dxe4 12.Qxe4 Nf6 13.Qe2 c5 14.Rd1 cxd4 15.Rxd4 Bxf3
16.Rxd8 Bxe2 17.Rxa8 Rxa8 18.Bxa8 Ng4 19.Be3 h6 20.Re1 Bd3 21.Rd1 Nxe3 22.fxe3 Bg6
23.Rd7 Bc5 24.Rxa7 Bxe3+ 25.Kg2 Bb1 26.Kf3 Bc5 27.Be4 Bxe4+ 28.Kxe4 Kf8 29.a3 g6
30.b4 Bg1 31.Kf3 f5 32.h4 e5 33.Rd7 Bd4 34.a4 e4+ 35.Ke2 Be5 36.a5 Ke8 37.Rh7 bxa5
38.bxa5 Bd4 39.a6  1-0

[Event "Yuzhny Open"]
[Site "Yuzhny UKR"]
[Date "2011.09.06"]
[Round "6.28"]
[White "Polishchuk,O"]
[Black "Rodin,A"]
[Result "1-0"]
[WhiteElo "2173"]
[BlackElo "1921"]

1.c4 Nf6 2.g3 e6 3.Bg2 d5 4.d4 Be7 5.Nf3 O-O 6.O-O dxc4 7.Ne5 c5 8.dxc5 Qc7
9.c6 Nd5 10.e4 Nb6 11.Bf4 Bd6 12.Nd7 Bxf4 13.Nxf8 Be5 14.Nxh7 Kxh7 15.Nc3 Bxc3
16.cxb7 Bxb7 17.bxc3 N8d7 18.Rb1 Nc5 19.Rb5 Kg8 20.Qd4 Rc8 21.Rd1 Ba8 22.h4 Qe7
23.Ra5 Nd3 24.Bf1 Rd8 25.Qe3 Qd7 26.h5 Kh7 27.h6 g6 28.f3 Qc7 29.Kg2 f5 30.exf5 exf5
31.Bxd3 cxd3 32.Rxd3 Rxd3 33.Qxd3 Kxh6 34.Qd4 Kh7 35.Re5 Bd5 36.Qh4+ Kg8
37.Re7 Bxf3+ 38.Kh2 Qxe7 39.Qxe7 Nd5 40.Qxa7 Nf6 41.a4 Ng4+ 42.Kg1 g5 43.a5 Be4
44.a6  1-0

[Event "Yuzhny Open"]
[Site "Yuzhny UKR"]
[Date "2011.09.06"]
[Round "6.16"]
[White "Aliferenko,A"]
[Black "Daryev,S"]
[Result "1-0"]
[WhiteElo "2220"]
[BlackElo "1992"]

1.d4 d5 2.Nf3 Nf6 3.c4 e6 4.g3 Be7 5.Bg2 O-O 6.O-O c6 7.Nbd2 Nbd7 8.Qc2 b6
9.b3 Ba6 10.Bb2 Rc8 11.Rac1 c5 12.Rfd1 cxd4 13.Nxd4 b5 14.Qb1 bxc4 15.bxc4 e5
16.Nb5 Bc5 17.e3 dxc4 18.a4 Qa5 19.Qa1 Bxb5 20.axb5 Qxa1 21.Bxa1 Ba3 22.Rxc4 Rb8
23.Ra4 Bc5 24.Bc6 Nb6 25.Ra2 Bb4 26.Bxe5 Rbd8 27.Bd4 Nfd5 28.Rxa7 Nc3 29.Bxb6 Nxd1
30.Bxd8 Rxd8 31.Nc4 Bc5 32.b6 Nc3 33.Rc7 g5 34.b7 Ba7 35.Rc8 Rf8 36.Ne5  1-0

[Event "VII Ugra Governor's Cup"]
[Site "Khanty-Mansiysk RUS"]
[Date "2011.09.07"]
[Round "8"]
[White "Zemerov,E"]
[Black "Mirovalov,T"]
[Result "0-1"]
[WhiteElo "2044"]
[BlackElo "2281"]

1.d4 Nf6 2.c4 e6 3.g3 d5 4.Bg2 Be7 5.Nf3 O-O 6.O-O c6 7.Nc3 Nbd7 8.b3 b6
9.Re1 Ba6 10.e4 Bb4 11.Bd2 Bxc3 12.Bxc3 Nxe4 13.Bb2 Rc8 14.Rc1 Nef6 15.Qd2 Re8
16.Bf1 Bb7 17.Qf4 Nf8 18.Bd3 Ng6 19.Qg5 dxc4 20.Bxc4 c5 21.Ne5 cxd4 22.Nxg6 hxg6
23.Rcd1 Ne4 24.Qxd8 Rexd8 25.f4 Nc3 26.Rd2 b5 27.Bxc3 dxc3 28.Rxd8+ Rxd8
29.Bxb5 c2 30.Be2 Rd2 31.Kf2 Ba6  0-1

[Event "10th African Games Women"]
[Site "Maputo MOZ"]
[Date "2011.09.07"]
[Round "3.2"]
[White "Mona,K"]
[Black "Mudongo,B"]
[Result "1-0"]
[WhiteElo "2101"]
[BlackElo "1848"]

1.d4 d5 2.c4 e6 3.Nf3 Nf6 4.g3 Be7 5.Bg2 Nbd7 6.O-O O-O 7.Qc2 Re8 8.Nbd2 c6
9.e4 dxe4 10.Nxe4 Nxe4 11.Qxe4 Nf6 12.Qc2 Bd6 13.Rd1 Qa5 14.Bd2 Qh5 15.Bc3 Bc7
16.Re1 e5 17.dxe5 Ng4 18.h3 Nxe5 19.Nxe5 Bxe5 20.Qd1 Qh6 21.Rxe5 Be6 22.Qe2 Rad8
23.Re1 g6 24.Qf3 Qf8 25.Qf6 Qg7  1-0

[Event "10th Izmir Open"]
[Site "Izmir TUR"]
[Date "2011.09.08"]
[Round "9"]
[White "Morchiashvili,B"]
[Black "Sumets,A"]
[Result "1-0"]
[WhiteElo "2364"]
[BlackElo "2579"]

1.d4 Nf6 2.c4 e6 3.Nf3 d5 4.g3 Be7 5.Bg2 O-O 6.O-O dxc4 7.Qa4 Qd5 8.Bf4 Bd6
9.Be5 Bd7 10.Qc2 Bc6  1-0

[Event "1st Barclays Open A"]
[Site "Rome ITA"]
[Date "2011.09.09"]
[Round "7.1"]
[White "Berczes,D"]
[Black "David,Alb"]
[Result "1/2-1/2"]
[WhiteElo "2557"]
[BlackElo "2588"]

1.d4 Nf6 2.c4 e6 3.g3 d5 4.Nf3 Be7 5.Bg2 O-O 6.O-O dxc4 7.Qc2 b5 8.a4 b4
9.Nbd2 Bb7 10.Nxc4 Be4 11.Qd1 c5 12.dxc5  1/2-1/2

[Event "TCh-POL 1st League"]
[Site "Mrzezyno POL"]
[Date "2011.09.10"]
[Round "8"]
[White "Bronowicki,M"]
[Black "Pieniazek,Ar"]
[Result "1/2-1/2"]
[WhiteElo "2327"]
[BlackElo "2362"]

1.d4 Nf6 2.c4 e6 3.g3 d5 4.Nf3 Be7 5.Bg2 O-O 6.O-O dxc4 7.Qc2 a6 8.Qxc4 b5
9.Qc2 Bb7 10.Bd2 Be4 11.Qb3 Bd5 12.Qc2 Be4 13.Qb3 Bd5 14.Qc2 Be4 15.Qb3 Bd5  1/2-1/2

[Event "Shenzhen WGP 2011"]
[Site "Shenzhen CHN"]
[Date "2011.09.10"]
[Round "4"]
[White "Zhao Xue"]
[Black "Hou Yifan"]
[Result "1/2-1/2"]
[WhiteElo "2497"]
[BlackElo "2578"]

1.d4 e6 2.c4 Nf6 3.Nf3 d5 4.g3 Be7 5.Bg2 O-O 6.O-O dxc4 7.Qc2 a6 8.Qxc4 b5
9.Qc2 Bb7 10.Bd2 Be4 11.Qc1 Bb7 12.Qc2 Be4 13.Qc1 Bb7 14.Qc2 Be4 15.Qc1  1/2-1/2

[Event "8th LGA Premium Cup"]
[Site "Nuernberg GER"]
[Date "2011.09.11"]
[Round "7.42"]
[White "Ftacnik,L"]
[Black "Guthmann,P"]
[Result "1-0"]
[WhiteElo "2570"]
[BlackElo "2186"]

1.Nf3 d5 2.d4 Nf6 3.c4 e6 4.g3 Be7 5.Bg2 O-O 6.O-O dxc4 7.Qc2 b5 8.a4 b4
9.Nbd2 Bb7 10.Nxc4 Be4 11.Qd1 c5 12.dxc5 Nbd7 13.Nd6 Bd5 14.Be3 Nxc5 15.Bxc5 Bxd6
16.Qd4 Bxc5 17.Qxc5 Qb6 18.Rfc1 Rfd8 19.Qxb6 axb6 20.Ne1 Bxg2 21.Kxg2 Rd2
22.Rc2 Rxc2 23.Nxc2 Ne4 24.Nxb4 Nc5 25.Nd3 Nxd3 26.exd3 Kf8 27.Kf3 Ke7 28.Ke4 f5+
29.Kd4 Rc8 30.b4 Kd6 31.a5 e5+ 32.Ke3 b5 33.a6  1-0

[Event "Kings vs Queens Rapid"]
[Site "Saint Louis USA"]
[Date "2011.09.11"]
[Round "2"]
[White "Lahno,Kateri"]
[Black "Arnold,Mar"]
[Result "1/2-1/2"]
[WhiteElo "2554"]
[BlackElo "2505"]

1.c4 Nf6 2.Nf3 e6 3.g3 d5 4.Bg2 Be7 5.d4 O-O 6.Qc2 dxc4 7.Qxc4 a6 8.Qc2 b5
9.Ne5 Ra7 10.O-O Bb7 11.e4 c5 12.dxc5 Qc7 13.Bf4 g5 14.Ng6 gxf4 15.Nxf8 Bxf8
16.b4 Nc6 17.a4 Qe5 18.Nd2 Nxb4 19.Qb3 Qxc5 20.axb5 Qxb5 21.gxf4 Qd3 22.Qb2 Nxe4
23.Nxe4 Bxe4 24.Ra3 Bxg2 25.Rxd3 Nxd3 26.Qd4 Bxf1 27.Qxa7 Bh3 28.Qxa6 Bf5
29.Qa8 Nxf4 30.Kf1 Ng6 31.Kg2 h5 32.f3 h4 33.Qb8 Kh7 34.Qc7 Be7 35.Kf2 Kg7
36.Qc3+ Bf6 37.Qc1 Be5 38.Qh1 Bf4 39.Qa1+ e5 40.Kg1 Be6 41.Qc3 h3 42.Qc6 Nh4
43.Qb7 Be3+ 44.Kh1 Bd4 45.f4 Bg4 46.fxe5 Bf3+ 47.Qxf3 Nxf3 48.e6 Bf6 49.e7 Bxe7  1/2-1/2

[Event "10th Istanbul Open A"]
[Site "Istanbul TUR"]
[Date "2011.09.14"]
[Round "4"]
[White "Tasci,Sabri"]
[Black "Aboudi,M"]
[Result "1/2-1/2"]
[WhiteElo "1902"]
[BlackElo "2192"]

1.d4 Nf6 2.Nf3 e6 3.g3 d5 4.Bg2 Be7 5.c4 O-O 6.O-O c6 7.b3 Nbd7 8.Bb2 b6
9.Nc3 Bb7 10.Rc1 c5 11.cxd5 Nxd5 12.Ne5 Nxc3 13.Bxc3 Bxg2 14.Kxg2 Nxe5 15.dxe5 Qc7
16.e4 Rfd8 17.Qe2 Qd7 18.Rfd1 Qc6 19.f4 Rxd1 20.Rxd1 Rd8 21.Rxd8+ Bxd8 22.Kh3 b5
23.f5 Bg5 24.f6 g6 25.Bd2 Bxd2 26.Qxd2 Qc8 27.Kg2 c4 28.bxc4 bxc4 29.Kf1 c3
30.Qh6 Qf8 31.Qxf8+ Kxf8 32.Ke2 Ke8 33.Kd3 Kd7 34.Kxc3 Kc6 35.Kc4 Kb6 36.Kb4 a5+
37.Kc4 h6 38.h3 Kc6 39.a4  1/2-1/2

[Event "Shenzhen WGP 2011"]
[Site "Shenzhen CHN"]
[Date "2011.09.14"]
[Round "7"]
[White "Tan Zhongyi"]
[Black "Hou Yifan"]
[Result "0-1"]
[WhiteElo "2429"]
[BlackElo "2578"]

1.d4 e6 2.c4 Nf6 3.Nf3 d5 4.g3 Be7 5.Bg2 O-O 6.O-O dxc4 7.Qc2 a6 8.Qxc4 b5
9.Qc2 Bb7 10.Bd2 Be4 11.Qc1 Bb7 12.Qc2 Bd6 13.Nc3 Nbd7 14.Rad1 c5 15.Bg5 Qb6
16.e4 cxd4 17.Nxd4 h6 18.Be3 Bc5 19.h3 Rfd8 20.Nce2 Rac8 21.Qb1 b4 22.Rd2 a5
23.Rfd1 Ne5 24.b3 Rd7 25.Kh1 Ba6 26.Qa1 Rcd8 27.f4 Bxe2 28.fxe5 Bxd1 29.exf6 Bh5  0-1